000 00541nam a2200217Ia 4500
003 OSt
005 20220928150230.0
006 a|||||r|||| 00| 0
007 ta
008 220927b |||||||| |||| 00| 0 eng d
024 _a89123
037 _cTextual
040 _aSDCL
_cSDCL
_beng
041 _2eng
_aeng
082 _aQ1:24:(Y:1), P3
100 _aVedic Vedwati
_9506624
245 0 _aUpanishadyugeen sanskriti.
260 _c2003
942 _hQ1:24:(Y:1), P3
_cTEXL
_2CC
999 _c840865
_d840865